[Event "SV Bottrop 1 - SV Königsspringer Hamm "]
[Site "Verbandsliga - Gruppe 1 2018/"]
[Date "2018.10.07"]
[Round "2.5"]
[White "Schmidt, Ingo"]
[Black "Gierse, Heinz-Dieter"]
[Result "1-0"]
[WhiteElo "1953"]
[BlackElo "1955"]
[PlyCount "109"]
[EventDate "2018.??.??"]

1. e4 d5 2. exd5 Nf6 3. d4 Nxd5 4. c4 Nb6 5. Nf3 g6 6. Nc3 Bg7 7. c5 N6d7 8.
Bc4 O-O 9. Bf4 c6 10. O-O b5 11. Bb3 a5 12. a4 b4 13. Ne4 Nf6 14. Nxf6+ Bxf6
15. h3 Bb7 16. Re1 Na6 17. Bh6 Bg7 18. Bg5 Bf6 19. Qe2 Bxg5 20. Nxg5 e6 21. Qe5
Qc7 22. Qf6 Qd8 23. Qf4 Nc7 24. Ne4 Ne8 25. Rad1 Bc8 26. Re3 Ra7 27. Ng5 Qf6
28. Qh4 Qg7 29. Nf3 Qf6 30. Qg3 Ng7 31. Qe5 Qxe5 32. dxe5 Nf5 33. Red3 Kg7 34.
Rd8 h5 35. Ng5 Ne7 36. Rxf8 Kxf8 37. Rd8+ Kg7 38. Ne4 Rd7 39. Rxd7 Bxd7 40. Nf6
Bc8 41. Ne8+ Kf8 42. Nd6 Ba6 43. Bc4 Bc8 44. f4 Kg7 45. Kf2 f6 46. Ne8+ Kf7 47.
Nxf6 Nd5 48. Ne4 Ke7 49. Nd6 Kd7 50. Kf3 Nc7 51. g4 hxg4+ 52. Kxg4 Ba6 53. Bxa6
Nxa6 54. Ne4 Ke7 55. Kg5 1-0

[Event "SV Bottrop 1 - SV Königsspringer Hamm "]
[Site "Verbandsliga - Gruppe 1 2018/"]
[Date "2018.10.07"]
[Round "2.6"]
[White "Jaeger, Heinz"]
[Black "Klaus, Michael"]
[Result "1/2-1/2"]
[WhiteElo "1966"]
[BlackElo "1854"]
[PlyCount "118"]
[EventDate "2018.??.??"]

1. d4 d5 2. Nf3 Nf6 3. Bg5 e6 4. Nbd2 Be7 5. Bxf6 Bxf6 6. e4 g6 7. Bd3 Nd7 8.
Qe2 Nb6 9. c3 Bd7 10. O-O O-O 11. Ne5 Bg7 12. f4 Bc6 13. Nxc6 bxc6 14. b4 Na4
15. Nf3 Nxc3 16. Qe3 dxe4 17. Bxe4 Nxe4 18. Qxe4 Qd6 19. Rac1 Qxb4 20. Rxc6
Rfd8 21. Rxc7 Bxd4+ 22. Kh1 Qa5 23. Rc2 Bf6 24. Ne5 Qd5 25. Qxd5 Rxd5 26. g4
Bxe5 27. fxe5 Rad8 28. Re1 R8d7 29. Ree2 Kg7 30. Kg2 Kh6 31. Rc3 Rd2 32. Rc2
Rxe2+ 33. Rxe2 Kg5 34. h3 Kh4 35. Rf2 h5 36. gxh5 Kxh5 37. Kg3 Kh6 38. Rf3 Kg7
39. Ra3 f6 40. Ra6 Re7 41. Kg4 Kf7 42. h4 Rd7 43. exf6 Kxf6 44. Ra4 Re7 45. Kf4
e5+ 46. Ke4 Kg7 47. Ra5 Kh6 48. Rxe5 Rxe5+ 49. Kxe5 Kh5 50. Kf6 Kxh4 51. Kxg6
Kg4 52. Kf6 Kf4 53. Ke6 Ke4 54. Kd6 Kd4 55. Kc6 Kc4 56. a4 a5 57. Kd6 Kb4 58.
Kd5 Kb3 59. Kc5 Kxa4 1/2-1/2

[Event "SV Bottrop 1 - SV Königsspringer Hamm "]
[Site "Verbandsliga - Gruppe 1 2018/"]
[Date "2018.10.07"]
[Round "2.7"]
[White "Ittner, Ralf"]
[Black "Huestegge, Ulrich"]
[Result "1/2-1/2"]
[WhiteElo "1693"]
[BlackElo "1813"]
[PlyCount "49"]
[EventDate "2018.??.??"]

1. d4 d6 2. Nf3 Nf6 3. c3 g6 4. Bf4 Bg7 5. Nbd2 O-O 6. h3 Nbd7 7. e4 Nh5 8. Bh2
e5 9. Be2 Re8 10. O-O Nf4 11. Bc4 c6 12. Qb3 Qe7 13. Rfe1 Nb6 14. Bxf4 exf4 15.
Bf1 g5 16. Nh2 h5 17. Qd1 g4 18. hxg4 hxg4 19. Nxg4 Qh4 20. Nh2 Re6 21. Ndf3
Qh5 22. Nd2 Qh7 23. Bd3 Rh6 24. Ndf1 Qg6 25. e5 1/2-1/2

[Event "SV Bottrop 1 - SV Königsspringer Hamm "]
[Site "Verbandsliga - Gruppe 1 2018/"]
[Date "2018.10.07"]
[Round "2.8"]
[White "Tochtrop, Lothar"]
[Black "Przybela, Franz"]
[Result "1/2-1/2"]
[WhiteElo "1840"]
[BlackElo "1620"]
[PlyCount "36"]
[EventDate "2018.??.??"]

1. e4 e5 2. Nf3 d6 3. Bc4 Be7 4. d4 Nd7 5. dxe5 dxe5 6. Nc3 Ngf6 7. Bxf7+ Kxf7
8. Ng5+ Kg8 9. Ne6 Qe8 10. Nxc7 Qd8 11. Nxa8 Kf7 12. Nd5 Bd6 13. Bg5 Qa5+ 14.
Bd2 Qd8 15. Qf3 Nc5 16. Nxf6 Qxf6 17. Qxf6+ gxf6 18. Be3 b6 1/2-1/2

[Event "SG Bochum 3 - SF Brackel 2"]
[Site "Verbandsliga - Gruppe 1 2018/"]
[Date "2018.10.07"]
[Round "2.1"]
[White "Bree, Thomas"]
[Black "Fistoul, Boris"]
[Result "1-0"]
[WhiteElo "2068"]
[BlackElo "1921"]
[PlyCount "171"]
[EventDate "2018.??.??"]

1. d4 e6 2. Nf3 b6 3. g3 Bb7 4. Bg2 f5 5. O-O Nf6 6. c4 Be7 7. d5 O-O 8. dxe6
dxe6 9. Qxd8 Rxd8 10. Bf4 Bd6 11. Nc3 Bxf4 12. gxf4 a6 13. Rfd1 Nbd7 14. Nd4
Bxg2 15. Kxg2 Re8 16. Nc6 Rac8 17. Rd2 e5 18. Rad1 exf4 19. Rxd7 Nxd7 20. Rxd7
Kf8 21. Kf3 Re6 22. Nd4 Rd6 23. Rxd6 cxd6 24. Nxf5 Rxc4 25. Nxd6 Rc6 26. Nf5
Rc4 27. h4 b5 28. Nd6 Rc6 29. Nde4 b4 30. Na4 Rc2 31. Nec5 a5 32. Ne6+ Kf7 33.
Nxf4 Rc4 34. Nb6 Rc1 35. Nd3 Ra1 36. Nc4 Rxa2 37. Nde5+ Kf8 38. Nc6 a4 39. Nxb4
Ra1 40. Nd3 Kf7 41. Kg2 Rd1 42. Ne3 Ra1 43. Nc2 Rd1 44. Ne3 Ra1 45. Nc4 Rd1 46.
Nb6 Ra1 47. Nc5 a3 48. bxa3 Rxa3 49. Nd3 Kg6 50. Nc4 Ra4 51. Nce5+ Kf5 52. Nf3
h6 53. e3 Kg4 54. Nde5+ Kf5 55. Kg3 Ra1 56. Nc6 Ra2 57. Ncd4+ Ke4 58. Ne6 Ra7
59. Nc5+ Kd5 60. Nd3 Ke4 61. Nf4 Ra2 62. h5 Rb2 63. Ne6 Rb8 64. Nh4 Rb5 65. Nf4
Rg5+ 66. Kh3 Rg1 67. Ne2 Ra1 68. Ng3+ Ke5 69. f4+ Kf6 70. Kg4 Ra4 71. e4 Ra3
72. e5+ Kf7 73. Ne4 Ra1 74. Kf5 Rh1 75. e6+ Ke8 76. Nd6+ Ke7 77. Ke5 Re1+ 78.
Ne4 Rh1 79. Nf5+ Kd8 80. e7+ Kd7 81. Nc5+ Ke8 82. Ne6 Re1+ 83. Kd6 Kf7 84.
Nexg7 Kf6 85. Kd7 Rd1+ 86. Nd6 1-0

[Event "SG Bochum 3 - SF Brackel 2"]
[Site "Verbandsliga - Gruppe 1 2018/"]
[Date "2018.10.07"]
[Round "2.2"]
[White "Finke, Dominik"]
[Black "Althoff, Ralph"]
[Result "1/2-1/2"]
[WhiteElo "1999"]
[BlackElo "2002"]
[PlyCount "71"]
[EventDate "2018.??.??"]

1. c4 c5 2. g3 g6 3. Bg2 Bg7 4. Nc3 Nc6 5. Nf3 d6 6. O-O e6 7. d3 Nge7 8. Bg5
h6 9. Bd2 O-O 10. a3 b6 11. Rb1 Bb7 12. Qc1 Kh7 13. b4 Qd7 14. b5 Nd4 15. Nxd4
cxd4 16. Na4 Bxg2 17. Kxg2 Rac8 18. Qb2 Nf5 19. Qb3 e5 20. e4 dxe3 21. fxe3 h5
22. Nc3 Bh6 23. Nd5 Kh8 24. Qd1 Bg7 25. e4 Nd4 26. Nf6 Bxf6 27. Rxf6 Kg7 28.
Bg5 Ne6 29. Qd2 Nxg5 30. Qxg5 Rce8 31. Rbf1 Re6 32. R6f2 f6 33. Qe3 Qc7 34. a4
Qc5 35. Qd2 Qa3 36. Qc2 1/2-1/2

[Event "SG Bochum 3 - SF Brackel 2"]
[Site "Verbandsliga - Gruppe 1 2018/"]
[Date "2018.10.07"]
[Round "2.3"]
[White "Al Tarboush, Hussam"]
[Black "Pilat, Fabian"]
[Result "1/2-1/2"]
[WhiteElo "2014"]
[BlackElo "1928"]
[Annotator "Daniel"]
[PlyCount "71"]
[EventDate "2018.??.??"]

1. e4 c5 2. Nf3 e6 3. d4 cxd4 4. Nxd4 a6 5. Be2 Qc7 6. O-O Nf6 7. Bf3 Nc6 8.
Nxc6 dxc6 9. Be3 Be7 10. c4 c5 11. Nc3 O-O 12. g3 Nd7 13. Bf4 Ne5 14. Bg2 Bf6
15. Qe2 Bd7 16. Be3 Ng6 17. Rac1 Bxc3 18. Rxc3 e5 $11 19. Rd1 Ne7 20. Rd2 Be6
21. f4 f6 22. b3 b6 23. f5 Bf7 24. Qd1 Rfd8 25. Rcd3 Rxd3 26. Rxd3 Be8 27. Rd6
Kh8 28. g4 Nc6 29. Rd2 Rd8 30. Rxd8 Qxd8 31. Qd5 Qd7 32. Kf2 Nb4 33. Qxd7 Bxd7
34. a4 a5 35. Bf3 Kg8 36. Bd1 1/2-1/2

[Event "SG Bochum 3 - SF Brackel 2"]
[Site "Verbandsliga - Gruppe 1 2018/"]
[Date "2018.10.07"]
[Round "2.4"]
[White "Prieb, Robert"]
[Black "Borchert, Louis"]
[Result "1-0"]
[WhiteElo "1848"]
[BlackElo "1959"]
[PlyCount "87"]
[EventDate "2018.??.??"]

1. d4 d5 2. c4 e6 3. Nc3 Be7 4. Nf3 Nf6 5. Bf4 O-O 6. e3 b6 7. cxd5 Nxd5 8.
Nxd5 exd5 9. Bd3 Bb7 10. Qc2 Bb4+ 11. Nd2 Bxd2+ 12. Qxd2 c6 13. O-O Nd7 14.
Rac1 Qf6 15. Rfd1 Rac8 16. b4 Qe7 17. f3 f5 18. Re1 g5 19. Bg3 Qf7 20. e4 f4
21. Bf2 Kh8 22. e5 Rce8 23. b5 Re6 24. Qc2 c5 25. dxc5 bxc5 26. Bxc5 Rc8 27.
Qf2 a6 28. Qd4 Kg8 29. a4 axb5 30. Bxb5 Qg7 31. Bd6 Rxc1 32. Rxc1 Nxe5 33. Bxe5
Rxe5 34. Qc3 d4 35. Qc4+ Kf8 36. Rd1 Qe7 37. Qxd4 Re1+ 38. Rxe1 Qxe1+ 39. Bf1
Qe3+ 40. Qxe3 fxe3 41. Bd3 h6 42. a5 Ke7 43. a6 Bd5 44. Be4 1-0

[Event "SG Bochum 3 - SF Brackel 2"]
[Site "Verbandsliga - Gruppe 1 2018/"]
[Date "2018.10.07"]
[Round "2.5"]
[White "Bense, Dirk"]
[Black "Gluma, Christian"]
[Result "1-0"]
[WhiteElo "1938"]
[BlackElo "1864"]
[PlyCount "71"]
[EventDate "2018.??.??"]

1. e4 e6 2. d4 d5 3. Nc3 Bb4 4. e5 c5 5. a3 Bxc3+ 6. bxc3 Ne7 7. Nf3 b6 8. h4
Ba6 9. h5 h6 10. Bf4 Qd7 11. a4 c4 12. g4 Nbc6 13. Bh3 O-O-O 14. Qe2 Bb7 15.
Bg3 Na5 16. Nh4 Bc6 17. f4 Bxa4 18. f5 Kb7 19. O-O Bb5 20. fxe6 Qxe6 21. Qg2
Bd7 22. Nf5 Nxf5 23. Rxf5 Nc6 24. Raf1 Rhf8 25. Qf3 Be8 26. Bh4 Ne7 27. Rf4 Qd7
28. e6 Qd6 29. exf7 Bc6 30. Re1 Rd7 31. g5 Rc7 32. gxh6 gxh6 33. Rf6 Qa3 34.
Bg3 Ng8 35. Bd6 Qb2 36. Rf4 1-0

[Event "SG Bochum 3 - SF Brackel 2"]
[Site "Verbandsliga - Gruppe 1 2018/"]
[Date "2018.10.07"]
[Round "2.6"]
[White "Walny, Benjamin"]
[Black "Schwiddessen, Jan"]
[Result "1/2-1/2"]
[WhiteElo "1739"]
[BlackElo "1862"]
[PlyCount "27"]
[EventDate "2018.??.??"]

1. e4 c5 2. Nf3 d6 3. d4 cxd4 4. Nxd4 Nf6 5. Nc3 a6 6. Bg5 e6 7. f4 Be7 8. Qf3
Nc6 9. Nxc6 bxc6 10. O-O-O Qb6 11. e5 dxe5 12. fxe5 Nd5 13. Bxe7 Kxe7 14. Ne4
1/2-1/2

[Event "SG Bochum 3 - SF Brackel 2"]
[Site "Verbandsliga - Gruppe 1 2018/"]
[Date "2018.10.07"]
[Round "2.8"]
[White "Ziemann, David"]
[Black "Buechle, Manfred"]
[Result "1/2-1/2"]
[WhiteElo "1625"]
[BlackElo "1766"]
[PlyCount "40"]
[EventDate "2018.??.??"]

1. e4 c5 2. Nf3 Nc6 3. Bb5 d6 4. O-O Nf6 5. Re1 Bd7 6. c3 a6 7. Bf1 Bg4 8. h3
Bh5 9. d3 h6 10. g3 e6 11. Bg2 Be7 12. Be3 O-O 13. Nbd2 d5 14. g4 Bg6 15. Bf4
Nd7 16. exd5 exd5 17. d4 cxd4 18. Nxd4 Nxd4 19. cxd4 Nf6 20. Qb3 b5 1/2-1/2

[Event "Dortmunder SV 1 - SF Essen-Werden 1"]
[Site "Verbandsliga - Gruppe 2 2018/"]
[Date "2018.10.07"]
[Round "2.1"]
[White "Kaufeld, Juergen"]
[Black "Wichtrup, Jan-Louis"]
[Result "1-0"]
[WhiteElo "2197"]
[BlackElo "2052"]
[PlyCount "65"]
[EventDate "2018.??.??"]

1. d4 d5 2. Bf4 Nf6 3. e3 c5 4. Nd2 Nc6 5. c3 e6 6. Ngf3 Bd6 7. Bg3 O-O 8. Bd3
b6 9. Qe2 Bb7 10. Rd1 Re8 11. e4 Be7 12. e5 Nh5 13. a3 a5 14. O-O g6 15. Rfe1
Nxg3 16. hxg3 f5 17. exf6 Bxf6 18. Bb5 Re7 19. dxc5 Qc7 20. Qe3 bxc5 21. Qxc5
Rc8 22. Nb3 Qb8 23. Qb6 Qa8 24. Bxc6 Bxc6 25. Nxa5 Ba4 26. Rd2 Rb8 27. Qd6 Rd8
28. Qf4 Bxc3 29. bxc3 Qxa5 30. Qf6 Rf7 31. Qd4 Rc7 32. Rxe6 Qxc3 33. Qxa4 1-0

[Event "Dortmunder SV 1 - SF Essen-Werden 1"]
[Site "Verbandsliga - Gruppe 2 2018/"]
[Date "2018.10.07"]
[Round "2.2"]
[White "Zeldin, Leonid"]
[Black "Berger, Konstantin"]
[Result "0-1"]
[WhiteElo "2072"]
[BlackElo "2059"]
[Annotator "Daniel"]
[PlyCount "102"]
[EventDate "2018.??.??"]

1. e4 c5 2. c3 Nf6 3. e5 Nd5 4. d4 cxd4 5. cxd4 d6 6. Nf3 Nc6 7. Be2 g6 8. O-O
Bg7 9. exd6 Qxd6 10. Nc3 O-O 11. Be3 Rd8 12. Qb3 Nxc3 13. bxc3 Na5 14. Qb5 b6
15. Nd2 Bd7 16. Qg5 Be6 17. Ne4 $11 Qd7 18. Qh4 Bc4 19. Bxc4 Nxc4 20. Ng5 h5
21. Rfe1 Qf5 22. Ne4 Rd7 23. Rac1 Qg4 24. Qxg4 hxg4 25. Nd2 Rc8 26. Kf1 Nxd2+
27. Bxd2 e5 28. Be3 exd4 29. cxd4 Rcd8 30. Rc4 Bxd4 31. Rd1 Bxe3 32. Rxd7 Rxd7
33. fxe3 Rd2 34. a4 Ra2 35. Rxg4 Kf8 36. Rc4 Kg7 37. h4 Kf6 38. Kg1 Rb2 39.
Rf4+ Kg7 40. Rc4 a5 41. g3 Rb4 42. Rc6 Rxa4 43. Rxb6 Ra2 44. Ra6 a4 45. g4 a3
46. h5 Kh6 47. hxg6 fxg6 48. Ra5 Kg7 49. g5 Kf7 50. Ra6 Ke7 51. Rxg6 Rb2 0-1

[Event "Dortmunder SV 1 - SF Essen-Werden 1"]
[Site "Verbandsliga - Gruppe 2 2018/"]
[Date "2018.10.07"]
[Round "2.3"]
[White "Claussen, Uwe"]
[Black "Mallee, Ralph"]
[Result "1/2-1/2"]
[WhiteElo "2005"]
[BlackElo "2073"]
[PlyCount "109"]
[EventDate "2018.??.??"]

1. e4 e5 2. Nf3 Nc6 3. Bb5 f5 4. Bxc6 dxc6 5. Nc3 fxe4 6. Nxe4 Nf6 7. Qe2 Bg4
8. h3 Bxf3 9. Qxf3 Nxe4 10. Qxe4 Qd5 11. Qg4 Bc5 12. d3 O-O 13. Be3 Bxe3 14.
fxe3 Rf6 15. Rf1 Rg6 16. Qf3 Qxf3 17. gxf3 Rg3 18. Ke2 Rxh3 19. Rf2 Rf8 20. Rg1
Rf5 21. e4 Rfh5 22. Ke3 Rh2 23. Rgg2 Rxg2 24. Rxg2 c5 25. c3 Kf7 26. d4 cxd4+
27. cxd4 exd4+ 28. Kxd4 Kf6 29. f4 g6 30. b4 Rh1 31. Rc2 Rd1+ 32. Ke3 c6 33. b5
cxb5 34. Rc7 b4 35. Rxb7 a5 36. Rxh7 Ra1 37. Rh2 a4 38. Kd3 a3 39. Rc2 Rb1 40.
Rc6+ Kf7 41. Ra6 Rb2 42. Kc4 Rxa2 43. Kxb4 Re2 44. Ra7+ Kf8 45. Rxa3 Rxe4+ 46.
Kc5 Rxf4 47. Ra7 Rf7 48. Ra8+ Kg7 49. Kd6 Rf1 50. Ke5 g5 51. Ra6 Rf3 52. Ke4 g4
53. Rb6 Rf2 54. Ke3 g3 55. Rb4 1/2-1/2

[Event "Dortmunder SV 1 - SF Essen-Werden 1"]
[Site "Verbandsliga - Gruppe 2 2018/"]
[Date "2018.10.07"]
[Round "2.4"]
[White "Wittmann, Rainer"]
[Black "Huette, Stefan"]
[Result "1/2-1/2"]
[WhiteElo "2013"]
[BlackElo "2041"]
[PlyCount "31"]
[EventDate "2018.??.??"]

1. e4 d5 2. exd5 Nf6 3. Nc3 Nxd5 4. Bc4 Nxc3 5. Qf3 e6 6. dxc3 Bd6 7. Qh5 Qf6
8. Nf3 Qg6 9. Qxg6 hxg6 10. Be3 Bd7 11. Bd4 Bc6 12. Be2 Rg8 13. O-O-O Nd7 14.
Rhe1 O-O-O 15. g3 Be7 16. Ne5 1/2-1/2

[Event "Dortmunder SV 1 - SF Essen-Werden 1"]
[Site "Verbandsliga - Gruppe 2 2018/"]
[Date "2018.10.07"]
[Round "2.5"]
[White "Rehfeldt, Jens"]
[Black "Canzler, Harald"]
[Result "1-0"]
[WhiteElo "1924"]
[BlackElo "1978"]
[Annotator "Daniel"]
[PlyCount "73"]
[EventDate "2018.??.??"]

1. e4 d6 2. Nc3 g6 3. Bc4 Bg7 4. d3 e6 5. f4 Ne7 6. Bb3 d5 7. Nf3 c5 8. O-O O-O
9. Qe1 b5 10. Nxb5 Qb6 11. c4 d4 12. Qh4 f6 13. Bd1 a6 14. Na3 Nbc6 $11 15. Nc2
Bd7 16. Kh1 Rae8 17. Rb1 a5 18. Nce1 e5 19. Ba4 exf4 20. Qxf4 f5 21. Qh4 Ne5
22. Bxd7 Nxd7 23. Bg5 Bf6 24. e5 Bxg5 25. Nxg5 h5 26. Nef3 Nc6 27. e6 Nf6 28.
Rfe1 Qc7 29. e7 Rxe7 30. Ne6 Qd6 31. Nxf8 Kxf8 32. Rxe7 Nxe7 33. h3 f4 34. Qg5
Nh7 35. Qe5 Qxe5 36. Nxe5 Kg7 37. Nd7 1-0

[Event "Dortmunder SV 1 - SF Essen-Werden 1"]
[Site "Verbandsliga - Gruppe 2 2018/"]
[Date "2018.10.07"]
[Round "2.6"]
[White "Brockmann, Fabian"]
[Black "Gockel, Mirco"]
[Result "1-0"]
[WhiteElo "1951"]
[BlackElo "1921"]
[Annotator "Daniel"]
[PlyCount "55"]
[EventDate "2018.??.??"]

1. e4 c5 2. b3 e6 3. Bb2 d5 4. Bb5+ Bd7 5. Bxd7+ Nxd7 6. exd5 exd5 7. Qe2+ Qe7
$11 8. Nc3 Ngf6 9. d4 cxd4 10. Nb5 Qxe2+ 11. Kxe2 Rc8 12. Nxd4 Bb4 13. Ngf3 O-O
14. Rhd1 Ne4 15. Kf1 g5 16. g4 h5 17. gxh5 g4 18. Nh4 f5 19. Nhxf5 Ndf6 20. a3
Bc5 21. Ne6 Rfe8 22. Nxc5 Rxc5 23. Ne3 Nxh5 24. Rxd5 Rxd5 25. Nxd5 Nd2+ 26. Kg2
Rd8 27. Nf6+ Nxf6 28. Bxf6 1-0

[Event "Dortmunder SV 1 - SF Essen-Werden 1"]
[Site "Verbandsliga - Gruppe 2 2018/"]
[Date "2018.10.07"]
[Round "2.8"]
[White "Koehler, Eckart"]
[Black "Brixius, Dirk"]
[Result "0-1"]
[WhiteElo "1860"]
[BlackElo "1770"]
[Annotator "Daniel"]
[PlyCount "26"]
[EventDate "2018.??.??"]

1. d4 d5 2. Bf4 Nf6 3. e3 e6 4. Nd2 c5 5. c3 Nc6 6. Bd3 b6 7. Ngf3 Be7 8. Ne5
Nxe5 9. dxe5 Nd7 10. Bg3 Bb7 11. f4 a5 12. O-O Qc7 13. Qe2 O-O-O {Handy} 0-1

[Event "SV Hamm 1 - SF Essen-Katernberg  3"]
[Site "Verbandsliga - Gruppe 2 2018/"]
[Date "2018.10.07"]
[Round "2.1"]
[White "Rosen, Willy"]
[Black "Spyrou, Emmanouil"]
[Result "1/2-1/2"]
[WhiteElo "2084"]
[BlackElo "2149"]
[PlyCount "41"]
[EventDate "2018.??.??"]

1. e4 g6 2. d4 Bg7 3. Nc3 c6 4. Nf3 d5 5. h3 Nf6 6. e5 Ne4 7. Nxe4 dxe4 8. Ng5
c5 9. e6 Bxe6 10. Nxe6 fxe6 11. dxc5 Qxd1+ 12. Kxd1 Nd7 13. Bb5 O-O-O 14. Bxd7+
Rxd7+ 15. Ke2 Bd4 16. Rb1 Bxc5 17. Be3 Bxe3 18. fxe3 Rhd8 19. Rbd1 Rd6 20. h4
R8d7 21. Rhf1 1/2-1/2

[Event "SV Hamm 1 - SF Essen-Katernberg  3"]
[Site "Verbandsliga - Gruppe 2 2018/"]
[Date "2018.10.07"]
[Round "2.2"]
[White "Voss, Hubertus"]
[Black "Krueger, Erich"]
[Result "1-0"]
[WhiteElo "2081"]
[BlackElo "1999"]
[PlyCount "71"]
[EventDate "2018.??.??"]

1. e4 c6 2. Nc3 d5 3. Qf3 Nf6 4. e5 Nfd7 5. d4 e6 6. Nh3 Be7 7. Qg3 g6 8. Bg5
f6 9. Bh6 fxe5 10. dxe5 Qc7 11. O-O-O Na6 12. f4 Ndc5 13. Be2 Bd7 14. Ng5 Qa5
15. Bg7 Rg8 16. Bf6 Bxf6 17. exf6 O-O-O 18. Nxh7 Rh8 19. Ng5 Na4 20. Nxa4 Qxa4
21. Bxa6 Qxa6 22. Nf7 Qxa2 23. Nxh8 Rxh8 24. Qc3 Qa1+ 25. Kd2 Qa4 26. g3 Rf8
27. Ra1 Qe4 28. Rhe1 Qf5 29. Rxa7 Qxf6 30. Qe5 Qxe5 31. Rxe5 Kc7 32. Rg5 Kb6
33. Ra1 Rh8 34. h4 Rh6 35. Ra8 c5 36. Rg8 1-0

[Event "SV Hamm 1 - SF Essen-Katernberg  3"]
[Site "Verbandsliga - Gruppe 2 2018/"]
[Date "2018.10.07"]
[Round "2.3"]
[White "Mueller-Clostermann, Bruno"]
[Black "Dukic, Dalibor"]
[Result "0-1"]
[WhiteElo "2044"]
[BlackElo "2030"]
[PlyCount "90"]
[EventDate "2018.??.??"]

1. d4 Nf6 2. c4 d6 3. Nf3 Nbd7 4. Nc3 e5 5. e4 Be7 6. g3 O-O 7. Bg2 Re8 8. O-O
h6 9. h3 Bf8 10. Be3 b6 11. Qc2 Ba6 12. b3 c6 13. Rfd1 Qc7 14. Rd2 Rac8 15.
Rad1 b5 16. c5 exd4 17. cxd6 Bxd6 18. Nxd4 Bb4 19. Nf5 Re6 20. Qb2 Qa5 21. Rc2
Ba3 22. Qa1 Bf8 23. f4 b4 24. Na4 Nxe4 25. Nd4 Ree8 26. Nxc6 Rxc6 27. Rxc6 Bb5
28. Rc2 Nxg3 29. Bf2 Ne2+ 30. Kh1 Nxf4 31. Qd4 Nxg2 32. Kxg2 Qa6 33. Bg3 Nf6
34. Nc5 Bc6+ 35. Kg1 Qc8 36. Kh2 Qf5 37. Qd3 Ne4 38. Rf1 Qg6 39. Na6 Nxg3 40.
Qxg6 Nxf1+ 41. Kg1 fxg6 42. Rxc6 Ng3 43. Rxg6 Ne2+ 44. Kf2 Nc3 45. Nc7 Re2+ 0-1

[Event "SV Hamm 1 - SF Essen-Katernberg  3"]
[Site "Verbandsliga - Gruppe 2 2018/"]
[Date "2018.10.07"]
[Round "2.4"]
[White "Hufelschulte, Norbert"]
[Black "Geerlings, Gerd"]
[Result "1/2-1/2"]
[WhiteElo "2013"]
[BlackElo "2024"]
[Annotator "Daniel"]
[PlyCount "108"]
[EventDate "2018.??.??"]

1. d4 Nf6 2. c4 d6 3. Nc3 e5 4. dxe5 dxe5 5. Qxd8+ Kxd8 6. Bg5 c6 7. g3 h6 8.
Bd2 Be6 9. b3 Ba3 10. Bh3 Re8 11. Bxe6 Rxe6 12. Nh3 $11 Nbd7 13. O-O Ke8 14.
Bc1 Bb4 15. Bb2 Nc5 16. Rfd1 a5 17. Rab1 a4 18. bxa4 Bxc3 19. Bxc3 Rxa4 20. Bb4
Na6 21. a3 c5 22. Be1 b6 23. f4 Nd7 24. fxe5 g5 25. Rd6 Ke7 26. Rbd1 Nxe5 27.
Rxe6+ Kxe6 28. Bc3 Rxc4 29. Bxe5 Kxe5 30. Rd7 Rd4 31. Ra7 Ra4 32. Rb7 Rxa3 33.
Rxb6 c4 34. Nf2 Nc5 35. Ng4+ Kd4 36. Rd6+ Kc3 37. Ne5 Ne4 38. Rxh6 Ra5 39. Nc6
Rc5 40. e3 Kd3 41. Nb4+ Kxe3 42. Rh7 Rb5 43. Nc2+ Kd2 44. Na3 Rc5 45. Rxf7 c3
46. Re7 Nf6 47. Re6 Nd5 48. Re5 Kc1 49. Re2 Nb4 50. Kf2 Rf5+ 51. Ke3 Kd1 52.
Rg2 Kc1 53. Kd4 Nc6+ 54. Kc4 Ne5+ 1/2-1/2

[Event "SV Hamm 1 - SF Essen-Katernberg  3"]
[Site "Verbandsliga - Gruppe 2 2018/"]
[Date "2018.10.07"]
[Round "2.5"]
[White "Riesenbeck, Juergen"]
[Black "Woertler, Lars-Erik"]
[Result "0-1"]
[WhiteElo "2008"]
[BlackElo "1869"]
[PlyCount "78"]
[EventDate "2018.??.??"]

1. Nf3 Nf6 2. g3 g6 3. Bg2 Bg7 4. c4 d6 5. Nc3 O-O 6. d4 Nbd7 7. O-O c6 8. Bf4
Re8 9. Qd2 Qc7 10. Rfd1 a5 11. c5 Nh5 12. cxd6 exd6 13. Bg5 Nb6 14. b3 a4 15.
Rac1 Be6 16. Qc2 axb3 17. axb3 d5 18. Ra1 Qd6 19. Na4 Nxa4 20. Rxa4 Rxa4 21.
bxa4 Ra8 22. Qb3 Qc7 23. Bd2 Nf6 24. Rb1 Bc8 25. Ne1 Ne4 26. Be3 Qa5 27. Ra1
Qc3 28. Qd1 Qc4 29. a5 Nc3 30. Qd3 Nxe2+ 31. Kf1 Qxd3 32. Nxd3 Nxd4 33. Ra4 Ne6
34. Bb6 Bf8 35. Bh3 f5 36. Bg2 Bd6 37. Ke1 Kf7 38. Kd2 Ke7 39. Kc3 Bc7 0-1

[Event "SV Hamm 1 - SF Essen-Katernberg  3"]
[Site "Verbandsliga - Gruppe 2 2018/"]
[Date "2018.10.07"]
[Round "2.6"]
[White "Brieger, Sebastian"]
[Black "Sauer, Bernd"]
[Result "0-1"]
[WhiteElo "1762"]
[BlackElo "1902"]
[PlyCount "58"]
[EventDate "2018.??.??"]

1. e4 c6 2. d4 d5 3. Nc3 dxe4 4. Nxe4 Nf6 5. Nxf6+ exf6 6. c3 Bd6 7. Bd3 O-O 8.
Be3 Re8 9. Ne2 Nd7 10. O-O Qc7 11. h3 Nf8 12. Qc2 Bd7 13. c4 Ng6 14. Nc3 Rad8
15. Rad1 Qc8 16. Bc1 Bb8 17. Ne4 Bxh3 18. gxh3 Qxh3 19. f4 Rxd4 20. Qe2 Rdd8
21. Qg2 Rxd3 22. Qxh3 Rxh3 23. Kg2 Rh4 24. Kg3 f5 25. Nd6 Rg4+ 26. Kh3 Bxd6 27.
Rxd6 h5 28. Rd7 Re2 29. Rxb7 Rh4+ 0-1

[Event "SV Hamm 1 - SF Essen-Katernberg  3"]
[Site "Verbandsliga - Gruppe 2 2018/"]
[Date "2018.10.07"]
[Round "2.7"]
[White "Armbruester, Juergen"]
[Black "Bachmann, Rolf"]
[Result "1-0"]
[WhiteElo "1820"]
[BlackElo "1785"]
[Annotator "Daniel"]
[PlyCount "71"]
[EventDate "2018.??.??"]

1. e4 c5 2. Nf3 Nc6 3. d4 cxd4 4. Nxd4 d6 5. Be2 g6 6. Be3 Bg7 7. Nc3 Nf6 8. h3
O-O 9. O-O a6 10. Qd2 Bd7 11. f3 Rc8 12. Rac1 Na5 13. b3 Nh5 14. f4 e5 15. fxe5
dxe5 16. Nf3 Nc6 17. Nd5 Be6 18. Rfd1 Ng3 19. c4 Nxe4 20. Qe1 f5 21. Bb6 Qe8
22. Nc7 Qf7 23. Nxe6 Qxe6 24. c5 Kh8 25. Bc4 Qf6 26. Rd7 Nd8 27. b4 $11 Ng5 28.
Nxg5 Qxg5 29. Rcd1 e4 30. h4 Qf4 $11 31. Bxd8 Be5 32. Qf2 Qh2+ 33. Kf1 f4 34.
Be7 f3 35. Bxf8 Rxf8 36. Rf7 1-0

[Event "SV Hamm 1 - SF Essen-Katernberg  3"]
[Site "Verbandsliga - Gruppe 2 2018/"]
[Date "2018.10.07"]
[Round "2.8"]
[White "Mustafic, Mustafa"]
[Black "Schmitz, Edgar"]
[Result "1-0"]
[WhiteElo "1747"]
[BlackElo "1851"]
[PlyCount "71"]
[EventDate "2018.??.??"]

1. Nf3 Nf6 2. g3 e6 3. c4 d5 4. Bg2 Be7 5. O-O O-O 6. d4 dxc4 7. Qa4 a6 8. Nc3
Nbd7 9. Qxc4 c5 10. b3 b5 11. Qd3 Bb7 12. e4 b4 13. e5 bxc3 14. exf6 Bxf6 15.
Ng5 Bxg5 16. Bxg5 Qb6 17. Bxb7 Qxb7 18. Be7 Rfc8 19. Qxc3 cxd4 20. Qxd4 Nb6 21.
Ba3 Nd5 22. Bb2 f6 23. Rfe1 Re8 24. Rad1 Rad8 25. Qg4 Qf7 26. Rd2 Ne3 27. Qe2
Rxd2 28. Qxd2 Nd5 29. Qe2 Qb7 30. Qg4 Qb4 31. Re4 Qb6 32. Qh5 Qd8 33. Rh4 h6
34. Rg4 Ne7 35. Bxf6 Qd1+ 36. Kg2 1-0

[Event "SF Brackel 3 - SV Bönen 1"]
[Site "Verbandsliga - Gruppe 2 2018/"]
[Date "2018.10.07"]
[Round "2.1"]
[White "Lenz, Guntram"]
[Black "Stemmler, Fabian"]
[Result "0-1"]
[WhiteElo "1937"]
[BlackElo "2079"]
[PlyCount "86"]
[EventDate "2018.??.??"]

1. d4 Nf6 2. c4 e6 3. Nf3 d5 4. Nc3 Be7 5. cxd5 exd5 6. Bg5 c6 7. Qc2 Nbd7 8.
e3 h6 9. Bh4 Nh5 10. Bxe7 Qxe7 11. Be2 Nhf6 12. Bd3 Nb6 13. h3 Be6 14. Ne5 Nfd7
15. f4 Nxe5 16. fxe5 Qh4+ 17. Qf2 Qxf2+ 18. Kxf2 O-O 19. Rhf1 f6 20. exf6 Rxf6+
21. Ke2 Raf8 22. Rxf6 Rxf6 23. Rf1 Rxf1 24. Kxf1 Kf7 25. Ke2 Kf6 26. b3 Bf5 27.
e4 dxe4 28. Nxe4+ Bxe4 29. Bxe4 Ke6 30. Kd3 Nc8 31. Bf3 Nd6 32. Bg4+ Kf6 33.
Bd7 h5 34. g4 Ke7 35. Bf5 Nxf5 36. gxf5 Kf6 37. Ke3 Kg5 38. h4+ Kxh4 39. Kf4 b6
40. b4 b5 41. a4 a6 42. a5 Kh3 43. Kg5 h4 0-1

[Event "SF Brackel 3 - SV Bönen 1"]
[Site "Verbandsliga - Gruppe 2 2018/"]
[Date "2018.10.07"]
[Round "2.2"]
[White "Gerlach, Felix"]
[Black "Fuest, Torsten"]
[Result "1-0"]
[WhiteElo "2071"]
[BlackElo "1871"]
[PlyCount "29"]
[EventDate "2018.??.??"]

1. e4 c5 2. Nf3 g6 3. d4 cxd4 4. Qxd4 Nf6 5. Nc3 Nc6 6. Qa4 d6 7. e5 Ng4 8. Bf4
Nxf2 9. Kxf2 Qb6+ 10. Be3 Qxb2 11. Nd5 Qxa1 12. Bb5 Qxh1 13. Bxc6+ Bd7 14.
Bxd7+ Kd8 15. Be8 1-0